00528nam a2200145Ia 4500003000900000008004100009020001800050040001600068080001600084100002800100245015800128260003800286300001600324650004200340IN-BaIIA211028s9999 xx 000 0 eng d a0-471-12795-7 cIIA Library a521.81bHAR aHarrington, Philip S.  0aEclipsebthe what, where, when, why and how guide to the watching solar and lunar eclipsescPhilip S. Harrington  aNew YorkbJohn Wiley & Sonsc1997 aviii, 280p. aEclipse, Solar eclipse, Lunar eclipse